| 000 | 01492nam a2200361 c 4500 | ||
|---|---|---|---|
| 003 | BLK | ||
| 005 | 20250719110709.0 | ||
| 008 | 180410b bul|||||r ||||||| ||bul|| | ||
| 010 | _aKNG00157977000 | ||
| 020 |
_a978-954-27-0852-0 _bиздат.: Егмонт България |
||
| 040 | _aBLK | ||
| 041 |
_aBUL _cBUL |
||
| 072 | 7 |
_2bullib _aН83 _xЧужда художествена литература Н |
|
| 080 |
_aАмериканска литература (на САЩ) _b821.111(73) _x-31 _z821.111(73)-31 |
||
| 100 | 1 |
_aРот, Вероника _eпърви автор _9328464 |
|
| 700 | 1 |
_aЯнева, Анелия Великова _eпрев. от англ. _9323555 |
|
| 139 |
_aРот, Вероника _bР 87 |
||
| 245 | 1 | 0 |
_aБунтовници _bРоман _cВероника Рот; прев. от англ. Анелия Великова Янева. |
| 257 | _aUSA | ||
| 260 |
_аСофия _bЕгмонт България _c2012 _fХасково : Полиграфюг |
||
| 300 |
_a439 с. _c21 см |
||
| 380 | _aX | ||
| 490 | 1 |
_aПоредица Дивергенти _vКн. 2 |
|
| 500 | _aОриг. загл. Insurgent / Veronica Roth. - Съдържа и за авт. | ||
| 653 | _aромани | ||
| 659 | _aН | ||
| 852 | _aЦб 264929 | ||
| 856 | 4 |
_qpdf _u |
|
| 856 | 4 |
_qpdf _u |
|
| 942 |
_cKNG _n0 _022 |
||
| 944 |
_aCR _c17.03.2014 _lНора Радева _k30545 |
||
| 944 |
_aED _c28.11.2016 _lф / _kЛюдмила_Стоянова |
||
| 999 |
_c151573 _d151573 |
||